[Event "4NCL Division 1a"]
[Site "Hinckley Island ENG"]
[Date "2014.03.22"]
[Round "7.121"]
[White "Ghasi, Ameet K"]
[Black "Hawkins, Jonathan"]
[Result "0-1"]
[WhiteElo "2469"]
[BlackElo "2514"]
[PlyCount "90"]
[EventDate "2014.03.22"]
[WhiteTeam "Grantham Sharks 1"]
[BlackTeam "Cheddleton 1"]

1. Nf3 Nf6 2. g3 g6 3. Bg2 Bg7 4. O-O O-O 5. d3 d5 6. c3 Nc6 7. Nbd2 e5 8. e4
a5 9. exd5 Nxd5 10. a4 h6 11. Nc4 Bf5 12. Re1 Re8 13. Nh4 Be6 14. Nf3 Bf5 15.
Nh4 Be6 16. Qe2 Nf4 17. gxf4 Qxh4 18. Qf3 Rad8 19. Qg3 Qxg3 20. hxg3 Rxd3 21.
Bxc6 bxc6 22. Nxa5 Bd5 23. Nb7 Bf3 24. a5 e4 25. c4 Bd4 26. a6 Ra8 27. Ra2 Rb3
28. Be3 c5 29. Bxd4 cxd4 30. Nc5 Rb6 31. b3 f5 32. Rd2 d3 33. Re3 Rd6 34. b4
Rd4 35. Rxf3 exf3 36. b5 Rxc4 37. Nxd3 Rd4 38. Rc2 Rxd3 39. Rxc7 Rd1+ 40. Kh2
Rd2 41. a7 Rxf2+ 42. Kg1 Ra2 43. b6 Rd8 44. Rc1 Rb2 45. Ra1 Ra8 0-1

[Event "4NCL Division 1a"]
[Site "Hinckley Island ENG"]
[Date "2014.03.22"]
[Round "7.122"]
[White "Colovic, Aleksandar"]
[Black "Rendle, Thomas E"]
[Result "0-1"]
[WhiteElo "2493"]
[BlackElo "2392"]
[PlyCount "60"]
[EventDate "2014.03.22"]
[WhiteTeam "Cheddleton 1"]
[BlackTeam "Grantham Sharks 1"]

1. Nf3 f5 2. d4 Nf6 3. g3 g6 4. Bg2 Bg7 5. O-O O-O 6. b3 Nc6 7. Bb2 e6 8. c4
Ne4 9. Nc3 d5 10. e3 Bd7 11. cxd5 Nxc3 12. Bxc3 exd5 13. Ne1 Ne7 14. Bb4 Bb5
15. Bxe7 Qxe7 16. Bxd5+ Kh8 17. Nd3 c5 18. Nxc5 Bxf1 19. Qxf1 Rad8 20. Bg2 g5
21. Nxb7 Rde8 22. Na5 f4 23. Nc6 Qd6 24. exf4 gxf4 25. Rc1 f3 26. Bh3 Re2 27.
Bg4 Bxd4 28. Nxd4 Qxd4 29. Bxf3 Rxa2 30. Kg2 Qe3 0-1

[Event "4NCL Division 1a"]
[Site "Hinckley Island ENG"]
[Date "2014.03.22"]
[Round "7.123"]
[White "Roberson, Peter T"]
[Black "Ziska, Helgi D"]
[Result "1/2-1/2"]
[WhiteElo "2386"]
[BlackElo "2484"]
[PlyCount "63"]
[EventDate "2014.03.22"]
[WhiteTeam "Grantham Sharks 1"]
[BlackTeam "Cheddleton 1"]

1. e4 c5 2. c3 Nf6 3. e5 Nd5 4. Nf3 e6 5. d4 cxd4 6. cxd4 d6 7. Bc4 Nc6 8. O-O
Be7 9. a3 O-O 10. Re1 Bd7 11. Bd2 Rc8 12. Nc3 Nxc3 13. Bxc3 d5 14. Bd3 Na5 15.
Nd2 Nc4 16. a4 Nxd2 17. Qxd2 f6 18. Bb4 Bxb4 19. Qxb4 a5 20. Qd2 Qb6 21. Re3
fxe5 22. dxe5 Rf7 23. Rf1 Qb4 24. Qe2 Qxa4 25. Rg3 Qf4 26. Bxh7+ Kxh7 27. Rf3
Qxf3 28. gxf3 Rc4 29. Qd2 Rxf3 30. Kg2 Rf5 31. f4 Bc6 32. Qxa5 1/2-1/2

[Event "4NCL Division 1a"]
[Site "Hinckley Island ENG"]
[Date "2014.03.22"]
[Round "7.124"]
[White "Williams, Simon K"]
[Black "Williams, Samuel G"]
[Result "1-0"]
[WhiteElo "2458"]
[BlackElo "2263"]
[PlyCount "49"]
[EventDate "2014.03.22"]
[WhiteTeam "Cheddleton 1"]
[BlackTeam "Grantham Sharks 1"]

1. e4 c5 2. Be2 e6 3. f4 d5 4. d3 g6 5. Nf3 Bg7 6. O-O Ne7 7. Qe1 b5 8. Nc3 b4
9. Nd1 Bb7 10. Nf2 Nbc6 11. a3 a5 12. Rb1 Qb6 13. Be3 Rc8 14. c3 O-O 15. Kh1
Ba6 16. h4 Rc7 17. h5 d4 18. Bd2 dxc3 19. bxc3 Rb7 20. hxg6 hxg6 21. Ng4 Rfb8
22. Qh4 Qd8 23. Ng5 bxc3 24. Nf6+ Kf8 25. Ngh7# 1-0

[Event "4NCL Division 1a"]
[Site "Hinckley Island ENG"]
[Date "2014.03.22"]
[Round "7.126"]
[White "Eggleston, David J"]
[Black "Purton, Ben J"]
[Result "1/2-1/2"]
[WhiteElo "2419"]
[BlackElo "2138"]
[PlyCount "61"]
[EventDate "2014.03.22"]
[WhiteTeam "Cheddleton 1"]
[BlackTeam "Grantham Sharks 1"]

1. e4 c5 2. Nf3 d6 3. d4 cxd4 4. Nxd4 Nf6 5. Nc3 a6 6. Be3 e6 7. f3 Be7 8. Qd2
O-O 9. g4 Qc7 10. O-O-O b5 11. Kb1 Nc6 12. g5 Nd7 13. Nxc6 Qxc6 14. Ne2 Bb7 15.
Nd4 Qc7 16. h4 Ne5 17. h5 Rac8 18. Rh3 d5 19. exd5 Bxd5 20. f4 Nc4 21. Bxc4
Qxc4 22. b3 Qb4 23. Qh2 Rfd8 24. Bc1 Be4 25. a3 Rxd4 26. axb4 Rxd1 27. Qe2 Rxc2
28. Qxc2 Bxc2+ 29. Kxc2 Rd5 30. Rc3 Rd8 31. Rc6 1/2-1/2

[Event "4NCL Division 1a"]
[Site "Hinckley Island ENG"]
[Date "2014.03.22"]
[Round "7.127"]
[White "Mangione, Claudio"]
[Black "Shaw, Robert"]
[Result "1/2-1/2"]
[WhiteElo "2202"]
[BlackElo "2203"]
[PlyCount "57"]
[EventDate "2014.03.22"]
[WhiteTeam "Grantham Sharks 1"]
[BlackTeam "Cheddleton 1"]

1. c4 e6 2. g3 d5 3. Bg2 Nf6 4. Nf3 c5 5. O-O Nc6 6. d4 Be7 7. dxc5 Bxc5 8. a3
O-O 9. b4 Be7 10. Bb2 b6 11. Nc3 Bb7 12. cxd5 Nxd5 13. Nxd5 Qxd5 14. Qxd5 exd5
15. Rfd1 Rfd8 16. Rd2 a5 17. b5 Na7 18. a4 Rac8 19. Bd4 Bc5 20. Rad1 f6 21. Nh4
Kf7 22. Nf5 Bxd4 23. Rxd4 Rc2 24. e4 Nc8 25. exd5 Nd6 26. Bh3 Nxf5 27. Bxf5 Rc5
28. Be6+ Ke7 29. f4 1/2-1/2

[Event "4NCL Division 1a"]
[Site "Hinckley Island ENG"]
[Date "2014.03.22"]
[Round "7.128"]
[White "Steil-Antoni, Fiona"]
[Black "Burrows, Martin P"]
[Result "1/2-1/2"]
[WhiteElo "2181"]
[BlackElo "2167"]
[PlyCount "46"]
[EventDate "2014.03.22"]
[WhiteTeam "Cheddleton 1"]
[BlackTeam "Grantham Sharks 1"]

1. e4 e6 2. d4 d5 3. Nc3 Bb4 4. exd5 exd5 5. Bd3 Nc6 6. a3 Be7 7. Be3 Bf6 8.
Nf3 Nge7 9. Ne2 Bg4 10. c3 Bxf3 11. gxf3 Qd7 12. Ng3 g6 13. b4 Nc8 14. Qe2 N6e7
15. Bf4 Nd6 16. Be5 Bxe5 17. dxe5 Ndf5 18. Nxf5 Nxf5 19. O-O-O O-O-O 20. Kb2
Kb8 21. f4 h5 22. Bc2 Rhe8 23. Qf3 Qe6 1/2-1/2

[Event "4NCL Division 1a"]
[Site "Hinckley Island ENG"]
[Date "2014.03.22"]
[Round "7.132"]
[White "Sanders, Isaac B"]
[Black "Snuverink, Jochem"]
[Result "1-0"]
[WhiteElo "2270"]
[BlackElo "2344"]
[PlyCount "77"]
[EventDate "2014.03.22"]
[WhiteTeam "Barbican 4NCL 2"]
[BlackTeam "Kings Head 1"]

1. c4 Nf6 2. Nf3 c5 3. b3 b6 4. Bb2 Bb7 5. e3 e6 6. Be2 Be7 7. d4 cxd4 8. Nxd4
a6 9. O-O O-O 10. Nc3 d6 11. Bf3 Qc7 12. Bxb7 Qxb7 13. Qe2 Nbd7 14. e4 Rfe8 15.
f4 Rad8 16. Rad1 Nc5 17. Rfe1 e5 18. Nf5 Bf8 19. fxe5 dxe5 20. Rxd8 Rxd8 21.
Nd5 Ncxe4 22. Bxe5 Bc5+ 23. Bd4 Bxd4+ 24. Nxd4 h6 25. Qf3 Rxd5 26. cxd5 Qxd5
27. Qe3 b5 28. Ne2 b4 29. Qd4 Qa5 30. Nc1 Nc3 31. h3 Nfe4 32. Ne2 Qxa2 33. Nxc3
Nxc3 34. Qxb4 Qd2 35. Qb8+ Kh7 36. Qe5 Qd3 37. Re3 Qd1+ 38. Kh2 Qd5 39. Qxc3
1-0

[Event "4NCL Division 1a"]
[Site "Hinckley Island ENG"]
[Date "2014.03.22"]
[Round "7.133"]
[White "McMichael, Richard J"]
[Black "Devereaux, Maxim L"]
[Result "0-1"]
[WhiteElo "2215"]
[BlackElo "2345"]
[PlyCount "42"]
[EventDate "2014.03.22"]
[WhiteTeam "Kings Head 1"]
[BlackTeam "Barbican 4NCL 2"]

1. b3 e5 2. Bb2 Nc6 3. e3 Nf6 4. Bb5 Bd6 5. Na3 Na5 6. Nf3 c6 7. Nc4 Nxc4 8.
Bxc4 Qe7 9. d4 e4 10. Ne5 O-O 11. h3 Bb4+ 12. c3 Ba5 13. Ng4 Nxg4 14. hxg4 d5
15. Be2 f5 16. gxf5 Bxf5 17. Bg4 Qg5 18. Bxf5 Rxf5 19. O-O Raf8 20. Ba3 R8f6
21. g3 Rf3 0-1

[Event "4NCL Division 1a"]
[Site "Hinckley Island ENG"]
[Date "2014.03.22"]
[Round "7.134"]
[White "Chapman, Terry PD"]
[Black "Guthrie, David W"]
[Result "1/2-1/2"]
[WhiteElo "2300"]
[BlackElo "2229"]
[PlyCount "40"]
[EventDate "2014.03.22"]
[WhiteTeam "Barbican 4NCL 2"]
[BlackTeam "Kings Head 1"]

1. Nf3 Nf6 2. c4 g6 3. g3 Bg7 4. Bg2 O-O 5. d4 d6 6. O-O Nc6 7. Nc3 Bg4 8. d5
Na5 9. Nd2 c5 10. Rb1 a6 11. b3 Rb8 12. Bb2 b5 13. Ba1 e5 14. cxb5 axb5 15. b4
cxb4 16. Rxb4 Bd7 17. Qb1 Bh6 18. e3 Bf5 19. Nde4 Nxe4 20. Nxe4 Nc4 1/2-1/2

[Event "4NCL Division 1a"]
[Site "Hinckley Island ENG"]
[Date "2014.03.22"]
[Round "7.135"]
[White "Kwiatkowski, Feliks J"]
[Black "Franklin, Samuel GA"]
[Result "1/2-1/2"]
[WhiteElo "2219"]
[BlackElo "2299"]
[PlyCount "87"]
[EventDate "2014.03.22"]
[WhiteTeam "Kings Head 1"]
[BlackTeam "Barbican 4NCL 2"]

1. e4 e5 2. Nf3 Nc6 3. Bc4 Bc5 4. c3 Nf6 5. d3 a6 6. O-O d6 7. Bb3 Ba7 8. Nbd2
O-O 9. h3 h6 10. Re1 Nh5 11. Nf1 Qf6 12. Be3 Bxe3 13. Nxe3 Nf4 14. Nd5 Nxd5 15.
exd5 Ne7 16. d4 Ng6 17. Bc2 Bf5 18. Re3 Rfe8 19. Bxf5 Qxf5 20. dxe5 dxe5 21.
Qb3 Nf4 22. Qxb7 Qg6 23. g3 Rab8 24. Qc6 Nxh3+ 25. Kg2 Nf4+ 26. Kf1 Qxc6 27.
dxc6 Ng6 28. Rd1 Re6 29. Rd7 Rc8 30. Rd5 Rxc6 31. Nxe5 Nxe5 32. Rexe5 Rb8 33.
Re2 g6 34. Rd7 Rbb6 35. Ke1 Re6 36. Rxe6 Rxe6+ 37. Kd2 Rc6 38. Kd3 Kf8 39. Rd8+
Ke7 40. Rh8 h5 41. c4 Rd6+ 42. Ke3 Re6+ 43. Kf3 Rf6+ 44. Ke3 1/2-1/2

[Event "4NCL Division 1a"]
[Site "Hinckley Island ENG"]
[Date "2014.03.22"]
[Round "7.136"]
[White "Rogers, Jonathan W"]
[Black "Lewis, Alex"]
[Result "1/2-1/2"]
[WhiteElo "2301"]
[BlackElo "2177"]
[PlyCount "83"]
[EventDate "2014.03.22"]
[WhiteTeam "Barbican 4NCL 2"]
[BlackTeam "Kings Head 1"]

1. d4 Nf6 2. Nf3 g6 3. Bg5 Bg7 4. Nbd2 d6 5. e4 O-O 6. c3 h6 7. Bh4 Nc6 8. Bc4
e5 9. dxe5 Nxe5 10. Nxe5 dxe5 11. O-O Qe7 12. Qe2 Be6 13. Rfd1 Rad8 14. Nf1 c6
15. b4 b5 16. Bxe6 Qxe6 17. f3 Rd7 18. Rxd7 Nxd7 19. a4 a6 20. a5 Rc8 21. Rd1
Bf6 22. Bg3 Nf8 23. Ne3 h5 24. Be1 Qe7 25. Qd3 Rd8 26. Qxd8 Qxd8 27. Rxd8 Bxd8
28. Kf2 Ne6 29. g3 Bg5 30. Nd1 Kf8 31. Ke2 Ke7 32. Kd3 Kd7 33. h4 Bh6 34. Bf2
Bf8 35. Ne3 Bh6 36. Nc2 Nc7 37. Ke2 Ne8 38. Ne1 Ke6 39. Nd3 Bf8 40. f4 Nf6 41.
Kf3 Nd7 42. Ke2 1/2-1/2

[Event "4NCL Division 1a"]
[Site "Hinckley Island ENG"]
[Date "2014.03.22"]
[Round "7.137"]
[White "Mackenzie, Colin"]
[Black "Coleman, David J"]
[Result "0-1"]
[WhiteElo "2082"]
[BlackElo "2243"]
[PlyCount "44"]
[EventDate "2014.03.22"]
[WhiteTeam "Kings Head 1"]
[BlackTeam "Barbican 4NCL 2"]

1. c4 c5 2. g3 g6 3. Bg2 Bg7 4. Nc3 Nc6 5. a3 d6 6. Rb1 e6 7. b4 Nge7 8. bxc5
dxc5 9. Ne4 b6 10. Bb2 e5 11. Qa4 O-O 12. Nc3 Bd7 13. Qa6 Nf5 14. Nd5 Nb8 15.
Qb7 Bc6 16. Qc7 Qxc7 17. Nxc7 Bxg2 18. Nxa8 Bxh1 19. f3 Na6 20. Nxb6 axb6 21.
Bc3 Rb8 22. Kf2 e4 0-1

[Event "4NCL Division 1a"]
[Site "Hinckley Island ENG"]
[Date "2014.03.22"]
[Round "7.141"]
[White "Gormally, Daniel W"]
[Black "Cherniaev, Alexander"]
[Result "1/2-1/2"]
[WhiteElo "2499"]
[BlackElo "2430"]
[PlyCount "86"]
[EventDate "2014.03.22"]
[WhiteTeam "Blackthorne Russia"]
[BlackTeam "Wood Green HK 2"]

1. d4 f5 2. Bg5 h6 3. Bh4 g5 4. e3 Nf6 5. Bg3 d6 6. Nd2 e6 7. h4 Rg8 8. hxg5
hxg5 9. c3 Qe7 10. f3 Nc6 11. e4 Bd7 12. Bd3 O-O-O 13. Ne2 Bg7 14. Qc2 fxe4 {
(=)} 15. Nxe4 Nd5 16. Bf2 Rh8 17. O-O-O Nf4 18. Nxf4 gxf4 19. Qd2 Rdf8 20. Kb1
b6 21. Rxh8 Bxh8 22. Rh1 d5 23. Bh4 Qg7 24. Ng5 e5 25. dxe5 Qxe5 26. Re1 Qd6
27. Nh3 Bf6 28. Bxf6 Rxf6 29. Nf2 Rf8 30. Ka1 a5 31. Bc2 Ne5 32. Bb3 Bc6 33.
Qd4 Nd7 34. Nd3 Nc5 35. Nxc5 bxc5 36. Qg7 a4 37. Bc2 Kb7 38. a3 Re8 39. Rh1 Re7
40. Qg5 Re5 41. Qg7 Re7 42. Qh8 Re8 43. Qg7 Re7 1/2-1/2

[Event "4NCL Division 1a"]
[Site "Hinckley Island ENG"]
[Date "2014.03.22"]
[Round "7.142"]
[White "Houska, Jovanka"]
[Black "Hunt, Adam C"]
[Result "1/2-1/2"]
[WhiteElo "2408"]
[BlackElo "2435"]
[PlyCount "88"]
[EventDate "2014.03.22"]
[WhiteTeam "Wood Green HK 2"]
[BlackTeam "Blackthorne Russia"]

1. d4 Nf6 2. Nf3 g6 3. c4 Bg7 4. g3 O-O 5. Bg2 d6 6. O-O Nc6 7. Nc3 Rb8 8. h3
a6 9. e4 b5 10. d5 Na5 11. cxb5 axb5 12. b4 Nc4 13. Nd4 Bd7 14. a4 bxa4 15. b5
Qc8 16. Rxa4 Nb6 17. Ra2 Re8 18. Kh2 e6 19. dxe6 Bxe6 20. Nxe6 Qxe6 21. Rc2 Qb3
22. Be3 Nc4 23. Bd4 Nd7 24. Bxg7 Kxg7 25. Qd4+ Kg8 26. Rcc1 Na3 27. f4 Qb2 28.
e5 Nc5 29. exd6 cxd6 30. f5 Nb3 31. Qd5 Re5 32. Qxd6 Rbe8 33. fxg6 hxg6 34. Na4
Qd2 35. Qxd2 Nxd2 36. Rf2 Ne4 37. Bxe4 Rxe4 38. Nc3 R4e5 39. b6 Nc4 40. Nd5
Rxd5 41. Rxc4 Rb5 42. Rc6 Rb8 43. Rc7 f5 44. g4 R8xb6 1/2-1/2

[Event "4NCL Division 1a"]
[Site "Hinckley Island ENG"]
[Date "2014.03.22"]
[Round "7.143"]
[White "Ledger, Andrew J"]
[Black "Pert, Richard G"]
[Result "1/2-1/2"]
[WhiteElo "2392"]
[BlackElo "2436"]
[PlyCount "66"]
[EventDate "2014.03.22"]
[WhiteTeam "Blackthorne Russia"]
[BlackTeam "Wood Green HK 2"]

1. d4 d5 2. c4 e5 3. dxe5 d4 4. Nf3 Nc6 5. Nbd2 Nge7 6. Nb3 Nf5 7. e4 Nh4 8.
Nfxd4 Nxe5 9. h3 a5 10. Nb5 Bb4+ 11. Bd2 Qe7 12. a3 Bxd2+ 13. Nxd2 O-O 14. Qc2
c6 15. Nc3 Qf6 16. c5 Rd8 17. f3 Rxd2 18. Kxd2 Qf4+ 19. Kd1 Be6 20. Qd2 Bb3+
21. Kc1 Qg3 22. a4 Nhg6 23. Ra3 Be6 24. Kb1 Qh4 25. Be2 Qf2 26. Rd1 h6 27. Qd4
Qxg2 28. f4 Nxf4 29. Qxe5 Nxe2 30. Nxe2 Qxe2 31. Rg1 g5 32. Rag3 Re8 33. Rxg5+
hxg5 1/2-1/2

[Event "4NCL Division 1a"]
[Site "Hinckley Island ENG"]
[Date "2014.03.22"]
[Round "7.144"]
[White "Pein, Malcolm"]
[Black "Ansell, Simon T"]
[Result "1-0"]
[WhiteElo "2360"]
[BlackElo "2376"]
[PlyCount "89"]
[EventDate "2014.03.22"]
[WhiteTeam "Wood Green HK 2"]
[BlackTeam "Blackthorne Russia"]

1. Nf3 d5 2. c4 c6 3. e3 e6 4. b3 f5 5. Bb2 Nf6 6. Qc2 Be7 7. Be2 O-O 8. Nc3
Na6 9. O-O Qe8 10. a3 Nc5 11. b4 Nce4 12. d3 Nd6 13. b5 Nf7 14. d4 Bd7 15. a4
Rc8 16. Qb3 Ne4 17. Rfc1 Bd6 18. Ba3 Qe7 19. Bxd6 Qxd6 20. c5 Qe7 21. a5 Rb8
22. Rab1 cxb5 23. Bxb5 Bxb5 24. Nxb5 g5 25. Qb2 g4 26. Nd2 a6 27. Nc3 Nxd2 28.
Qxd2 Rbc8 29. Rb6 Nd8 30. Rcb1 Rc6 31. Ne2 Rxb6 32. Rxb6 Nc6 33. Nf4 Rd8 34.
Nd3 Rd7 35. Qc3 Rc7 36. g3 Kf8 37. Kg2 Ke8 38. Nb4 Nxb4 39. Qxb4 Kf7 40. Rd6 h5
41. Qb6 Rc8 {illegible moves follow} 42. Qa7 Kf6 43. Rb6 Rc7 44. Qb8 Qd7 45.
Rd6 1-0

[Event "4NCL Division 1a"]
[Site "Hinckley Island ENG"]
[Date "2014.03.22"]
[Round "7.145"]
[White "Bates, Richard A"]
[Black "Grant, Jonathan IM"]
[Result "1-0"]
[WhiteElo "2334"]
[BlackElo "2255"]
[PlyCount "67"]
[EventDate "2014.03.22"]
[WhiteTeam "Blackthorne Russia"]
[BlackTeam "Wood Green HK 2"]

1. d4 Nf6 2. Nf3 e6 3. g3 b5 4. Bg2 d5 5. a4 b4 6. c4 bxc3 7. bxc3 Nbd7 8. O-O
Ba6 9. Nbd2 c5 10. Re1 Be7 11. e4 Nxe4 12. Nxe4 dxe4 13. Rxe4 O-O 14. Re1 Bb7
15. Qd3 {(=)} cxd4 16. cxd4 Nf6 17. Ba3 Bxa3 18. Qxa3 Rc8 19. Rec1 Be4 20. Rxc8
Qxc8 21. Rc1 Qb7 22. Nh4 h6 23. Bxe4 Nxe4 24. Nf3 Rb8 25. Qe3 Qd5 26. Qf4 Rb3
27. Rc8+ Kh7 28. Qxf7 Nd6 29. Qg8+ Kg6 30. Ne5+ Kh5 31. Rc1 Rb7 32. Qd8 g5 33.
Qf6 Qe4 34. g4+ 1-0

[Event "4NCL Division 1a"]
[Site "Hinckley Island ENG"]
[Date "2014.03.22"]
[Round "7.146"]
[White "Sahl, Sheila B"]
[Black "Duncan, Chris R"]
[Result "0-1"]
[WhiteElo "2196"]
[BlackElo "2325"]
[PlyCount "80"]
[EventDate "2014.03.22"]
[WhiteTeam "Wood Green HK 2"]
[BlackTeam "Blackthorne Russia"]

1. e4 c5 2. Nf3 Nc6 3. d4 cxd4 4. Nxd4 g6 5. Nc3 Bg7 6. Be3 Nf6 7. f3 O-O 8.
Qd2 d5 9. exd5 Nxd5 10. Nxd5 Qxd5 11. c4 Qd6 12. Nxc6 Qxc6 13. Be2 Bf5 14. Rd1
Qc7 15. O-O a5 16. b3 a4 17. Qb4 axb3 18. Qxb3 h5 19. c5 h4 20. Bc4 e6 21. Bd3
h3 22. g3 Bxd3 23. Rxd3 Rfd8 24. Rxd8+ Rxd8 25. Rd1 Ra8 26. Bf2 Bf8 27. Qb4
Rxa2 28. Qf4 Qxf4 29. gxf4 Rc2 30. Rb1 Bxc5 31. Bxc5 Rxc5 32. Kf2 b5 33. Kg3
Rh5 34. Rb3 Kg7 35. f5 Rxf5 36. Kxh3 Kf6 37. Kg3 Ke7 38. Kf2 Kd6 39. Ke3 Kc5
40. Ke4 Kc4 0-1

[Event "4NCL Division 1a"]
[Site "Hinckley Island ENG"]
[Date "2014.03.22"]
[Round "7.147"]
[White "Ledger, Stephen C"]
[Black "Hagesaether, Arne"]
[Result "0-1"]
[WhiteElo "2071"]
[BlackElo "2136"]
[PlyCount "76"]
[EventDate "2014.03.22"]
[WhiteTeam "Blackthorne Russia"]
[BlackTeam "Wood Green HK 2"]

1. d4 f5 2. Nf3 Nf6 3. Bg5 e6 4. Nbd2 Be7 5. Bxf6 Bxf6 6. e4 O-O 7. Bd3 c5 8.
c3 cxd4 9. Nxd4 Nc6 10. Nxc6 bxc6 11. O-O d5 12. exf5 e5 13. Qb3 Qc7 14. Ne4
Be7 15. Ng3 Rb8 16. Qc2 e4 17. Be2 Bxf5 18. Nxf5 Rxf5 19. Rad1 Bc5 20. b4 Bb6
21. c4 Qf4 22. cxd5 Bxf2+ 23. Kh1 cxd5 24. Rxd5 Rf6 25. Qc4 Kh8 26. h3 Re8 27.
Qb5 Ref8 28. a3 Qg3 29. Rg5 Qxa3 30. Qb7 g6 31. Qxe4 Qb2 32. Bf3 Bb6 33. b5 Bc7
34. Rc5 Bb8 35. Rc2 Qxb5 36. Qc4 Qe5 37. Kg1 Qh2+ 38. Kf2 Rxf3+ 0-1

[Event "4NCL Division 1a"]
[Site "Hinckley Island ENG"]
[Date "2014.03.22"]
[Round "7.148"]
[White "Hegarty, Sarah N"]
[Black "Robson, Caroline J"]
[Result "1-0"]
[WhiteElo "2094"]
[BlackElo "1582"]
[PlyCount "137"]
[EventDate "2014.03.22"]
[WhiteTeam "Wood Green HK 2"]
[BlackTeam "Blackthorne Russia"]

1. e4 c5 2. Nc3 Nc6 3. g3 g6 4. Bg2 Bg7 5. d3 d6 6. Be3 Rb8 7. Qd2 Bd7 8. f4 b5
9. Nge2 b4 10. Nd1 e6 11. O-O Nge7 12. e5 Nf5 13. exd6 Nxe3 14. Qxe3 Nd4 15.
Rc1 Qb6 16. Kh1 Qxd6 17. Nxd4 Bxd4 18. Qf3 O-O 19. g4 Rfe8 20. g5 a5 21. c3
bxc3 22. bxc3 Bg7 23. Nf2 Qe7 24. Ne4 Rbc8 25. Qg3 Bc6 26. Rce1 Bxe4 27. dxe4
Qd6 28. Rd1 Qa6 29. e5 Red8 30. Qe3 c4 31. Rd4 Bf8 32. Rb1 Qa7 33. Rbd1 Qc7 34.
Qd2 Be7 35. Qc2 Kg7 36. Qa4 Rxd4 37. Rxd4 Qb6 38. Qc2 Rb8 39. h3 Qc5 40. Be4
Rc8 41. h4 Rd8 42. Qd2 Rxd4 43. cxd4 Qa3 44. Kg2 Bb4 45. Qf2 Qc1 46. h5 Be1 47.
h6+ Kg8 48. Qf3 Qd2+ 49. Kg1 Bh4 50. Bb1 Qxd4+ 51. Kg2 Qc5 52. Qa8+ Qf8 53.
Qxa5 Qc8 54. Be4 c3 55. Qa4 Qb8 56. Kf3 Be1 57. Qc4 Kf8 58. Qc5+ Kg8 59. a4 Qd8
60. Qc6 Bd2 61. Bc2 Qb8 62. a5 Bc1 63. Qxc3 Bb2 64. Qc5 Qa8+ 65. Be4 Qb8 66.
Bd3 Qb7+ 67. Ke3 Qb8 68. Qb6 Qc8 69. Qxb2 1-0

[Event "4NCL Division 1b"]
[Site "Hinckley Island ENG"]
[Date "2013.11.16"]
[Round "1.151"]
[White "Gordon, Stephen J"]
[Black "Rowson, Jonathan W"]
[Result "1/2-1/2"]
[WhiteElo "2518"]
[BlackElo "2573"]
[PlyCount "92"]
[EventDate "2013.11.16"]
[WhiteTeam "3Cs 1"]
[BlackTeam "Wood Green HK 1"]

1. d4 Nf6 2. c4 e6 3. Nc3 Bb4 4. Qc2 c5 5. dxc5 O-O 6. Nf3 Na6 7. g3 Nxc5 8.
Bg2 b6 9. O-O Bb7 10. Nb5 Be4 11. Qd1 Nb7 12. a3 Be7 13. Bf4 d6 14. Nc3 Bc6 15.
b4 Rc8 16. Qb3 a6 17. e4 Nxe4 18. Nd4 Nec5 19. bxc5 Bxg2 20. Kxg2 Nxc5 21. Qb2
Nd3 22. Qe2 Nxf4+ 23. gxf4 b5 24. Qf3 Bf6 25. Nce2 Rxc4 26. Rac1 Rxd4 27. Nxd4
Bxd4 28. Rfd1 e5 29. Rc6 a5 30. Rb1 b4 31. axb4 Qf6 32. f5 axb4 33. Rxb4 h6 34.
Rbc4 Kh7 35. Rc8 d5 36. Rxf8 dxc4 37. h4 c3 38. Qe4 g6 39. fxg6+ Qxg6+ 40. Kf3
Kg7 41. Qxg6+ Kxg6 42. Ke2 f5 43. Rc8 Kh5 44. Rc6 Kxh4 45. Rxh6+ Kg5 46. Rc6
Kf4 1/2-1/2

[Event "4NCL Division 1b"]
[Site "Hinckley Island ENG"]
[Date "2013.11.16"]
[Round "1.152"]
[White "Pert, Nicholas"]
[Black "Ashton, Adam G"]
[Result "1-0"]
[WhiteElo "2555"]
[BlackElo "2379"]
[PlyCount "73"]
[EventDate "2013.11.16"]
[WhiteTeam "Wood Green HK 1"]
[BlackTeam "3Cs 1"]

1. d4 d5 2. c4 e6 3. Nf3 c6 4. e3 Nf6 5. Bd3 Nbd7 6. O-O Bd6 7. Nbd2 O-O 8. e4
e5 9. cxd5 cxd5 10. Re1 h6 11. exd5 exd4 12. Nc4 Bc5 13. a3 a5 14. Bd2 a4 15.
d6 Nb6 16. Ba5 Nfd5 17. b4 axb3 18. Qxb3 Rxa5 19. Nxa5 Bxd6 20. Nxd4 Bxh2+ 21.
Kxh2 Qh4+ 22. Kg1 Qxd4 23. Rad1 Qf6 24. Nc4 Nxc4 25. Bxc4 Nf4 26. Re3 h5 27.
Rde1 Bd7 28. Qxb7 Bc6 29. Qe7 Qxe7 30. Rxe7 Nxg2 31. Rc1 Bf3 32. Rxf7 Rxf7 33.
Ba2 g5 34. Rc7 Nf4 35. Rxf7 Kh8 36. Kh2 Be4 37. a4 1-0

[Event "4NCL Division 1b"]
[Site "Hinckley Island ENG"]
[Date "2013.11.16"]
[Round "1.153"]
[White "Longson, Alexander"]
[Black "Aagaard, Jacob"]
[Result "1-0"]
[WhiteElo "2328"]
[BlackElo "2519"]
[PlyCount "63"]
[EventDate "2013.11.16"]
[WhiteTeam "3Cs 1"]
[BlackTeam "Wood Green HK 1"]

1. e4 e6 2. d3 d5 3. Qe2 dxe4 4. dxe4 e5 5. Nf3 Nd7 6. g3 Ngf6 7. Bg2 Bc5 8.
O-O O-O 9. Nbd2 Re8 10. Nc4 b5 11. Na5 c6 12. Bd2 b4 13. a3 bxa3 14. b4 Bb6 15.
Rxa3 c5 16. b5 Qc7 17. Rfa1 c4 18. Nxc4 Bc5 19. Ra4 Bb7 20. Ne1 Bd4 21. c3 Bb6
22. Nxb6 axb6 23. Rxa8 Rxa8 24. Rxa8+ Bxa8 25. f3 Ne8 26. Bf1 Nd6 27. Nc2 f5
28. exf5 e4 29. fxe4 Bxe4 30. Bf4 Qc5+ 31. Qe3 Nxb5 32. Bxb5 1-0

[Event "4NCL Division 1b"]
[Site "Hinckley Island ENG"]
[Date "2013.11.16"]
[Round "1.155"]
[White "Congiu, Mathilde"]
[Black "Cherniaev, Alexander"]
[Result "0-1"]
[WhiteElo "2242"]
[BlackElo "2415"]
[PlyCount "96"]
[EventDate "2013.11.16"]
[WhiteTeam "3Cs 1"]
[BlackTeam "Wood Green HK 1"]

1. e4 g6 2. d4 Bg7 3. Nc3 c6 4. h4 d5 5. h5 dxe4 6. Be3 Nf6 7. h6 Bf8 8. Rh4
Nd5 9. Qd2 Nxe3 10. Qxe3 f5 11. O-O-O e6 12. Rh1 Be7 13. Nh3 Nd7 14. f3 exf3
15. Qxe6 Nf6 16. Qc4 Qd6 17. d5 Bd7 18. gxf3 O-O-O 19. dxc6 Qxc6 20. Nb5 Qxc4
21. Bxc4 Bxb5 22. Bxb5 Nd5 23. c4 Nb6 24. Rde1 Bb4 25. Re6 Bd2+ 26. Kb1 Bxh6
27. c5 Nd5 28. Rd6 Rxd6 29. cxd6 Rd8 30. Nf2 Be3 31. Nd3 a6 32. Bc4 Nf6 33.
Be6+ Kb8 34. d7 Nxd7 35. Kc2 Nf6 36. Ne5 Re8 37. Nd7+ Nxd7 38. Bxd7 Re7 39. Ba4
h5 40. Kd3 Bf4 41. Bd1 Bg3 42. Be2 h4 43. Bf1 Re1 44. Bg2 Rxh1 45. Bxh1 h3 46.
Ke3 g5 47. Kd4 Bf4 48. Kd5 g4 0-1

[Event "4NCL Division 1b"]
[Site "Hinckley Island ENG"]
[Date "2013.11.16"]
[Round "1.156"]
[White "Lalic, Bogdan"]
[Black "Bentley, John L"]
[Result "1-0"]
[WhiteElo "2486"]
[BlackElo "2240"]
[PlyCount "89"]
[EventDate "2013.11.16"]
[WhiteTeam "Wood Green HK 1"]
[BlackTeam "3Cs 1"]

1. d4 Nf6 2. c4 c5 3. d5 b5 4. cxb5 a6 5. bxa6 g6 6. Nc3 Bxa6 7. Nf3 d6 8. e4
Bxf1 9. Kxf1 Nbd7 10. g3 Bg7 11. Kg2 O-O 12. a4 Qb8 13. Re1 Qb7 14. Ra3 Rfb8
15. Nb5 Nb6 16. b3 Nfd7 17. Qe2 c4 18. bxc4 Rc8 19. Bg5 Nxc4 20. Ra2 Ndb6 21.
Rc1 h6 22. Bf4 Rc5 23. h4 Rxa4 24. Nxd6 Rxa2 25. Nxb7 Rxe2 26. Nxc5 f5 27. e5
g5 28. hxg5 hxg5 29. Bxg5 Nxe5 30. Nd4 Ra2 31. Nxf5 Nxd5 32. Rd1 Nf6 33. Nxe7+
Kf7 34. Nf5 Nfg4 35. Rd2 Rxd2 36. Bxd2 Bf8 37. Ne4 Ke6 38. Ne3 Nxe3+ 39. Bxe3
Kf5 40. f3 Be7 41. g4+ Kg6 42. Kg3 Bd8 43. f4 Nc4 44. f5+ Kf7 45. Bf4 1-0